TV Shows From 3-Word Clues Quiz Stats

 Plays Quiz Updated Jan 5, 2018

Challenge
Share
Tweet
Embed
Score 0/20 Timer 07:00
2 Plays Today
Clue TV Show % Correct
Yabba dabba doThe Flintstones
88.2%
Heisenberg's blue methBreaking Bad
85.3%
Dunder Mifflin PaperThe Office
83.6%
Others on islandLost
83.4%
How you doin?Friends
82.8%
Advertising, alcohol, infidelityMad Men
80.2%
Eat my shortsThe Simpsons
77.2%
Marcia Marcia MarciaThe Brady Bunch
76.8%
Obsessive Compulsive DetectiveMonk
68.7%
Winter is comingGame of Thrones
66%
Clue TV Show % Correct
Book 'em, DannoHawaii Five-O
62.9%
Save the cheerleaderHeroes
56.5%
Bay Harbor ButcherDexter
54.3%
Singers get slushiedGlee
52.5%
Make it soStar Trek: The Next Generation
48.1%
Vampires love fairyTrue Blood
47.4%
Hello, I'm listeningFrasier
43.3%
Cylons attack CapricaBattlestar Galactica
42.7%
I blue myselfArrested Development
37%
No way, Jose!Full House
22.1%

You're not logged in!

Compare scores with friends on all Sporcle quizzes.
OR
Log In

You Might Also Like...

Show Comments

Extras

Top Quizzes Today


Score Distribution

Your Account Isn't Verified!

In order to create a playlist on Sporcle, you need to verify the email address you used during registration. Go to your Sporcle Settings to finish the process.

Report this User

Report this user for behavior that violates our Community Guidelines.

Details: